000 00371 a2200169 4500
001 57991
020 _a8508052146
040 _cAnchieta - Pituba
100 _aTerlow, Jan
240 1 0 _aSete desafios para ser rei
_lpor
245 1 0 _aSete desafios para ser rei
300 _a176
362 0 _a1995
440 1 _aÁtica
650 4 _aLiteratura juvenil
942 _cBK
999 _c57991
_d57991